000
00248nam a22001097a 4500
008
170125b xxu||||| |||| 00| 0 eng d
020
_a
0397544138
041
_a
eng
080
_a
618.2
245
_a
NURSING IN THE 1980S
_c
AIKEN, L.H
942
_2
udc
_c
BK
999
_c
3620
_d
3620